La Violencia y el maltrato en el currículo para la formación del médico /

Gorde:
Xehetasun bibliografikoak
Egile nagusia: Calle Galán, Hugo
Beste egile batzuk: Pinos Abad, Guido
Formatua: Texto
Etiketak: Etiketa erantsi
Etiketarik gabe, Izan zaitez lehena erregistro honi etiketa jartzen!

MARC

LEADER 00000 a a2200000 04500
001 3235
003
040
100 |a Calle Galán, Hugo  
245 |a La Violencia y el maltrato en el currículo para la formación del médico /  |c Hugo Calle Galán 
700 |a Pinos Abad, Guido  
773 |g número 6; páginas 135-162  
999 |c 25488  |d 25488